<?xml version="1.0" encoding="UTF-8"?><?xml-stylesheet type="text/xsl" href="static/style.xsl"?><OAI-PMH xmlns="http://www.openarchives.org/OAI/2.0/" xmlns:xsi="http://www.w3.org/2001/XMLSchema-instance" xsi:schemaLocation="http://www.openarchives.org/OAI/2.0/ http://www.openarchives.org/OAI/2.0/OAI-PMH.xsd"><responseDate>2026-04-18T02:12:46Z</responseDate><request verb="GetRecord" identifier="oai:www.recercat.cat:20.500.12327/1033" metadataPrefix="marc">https://recercat.cat/oai/request</request><GetRecord><record><header><identifier>oai:recercat.cat:20.500.12327/1033</identifier><datestamp>2025-10-22T11:18:44Z</datestamp><setSpec>com_2072_4428</setSpec><setSpec>com_2072_4427</setSpec><setSpec>col_2072_487898</setSpec></header><metadata><record xmlns="http://www.loc.gov/MARC21/slim" xmlns:dcterms="http://purl.org/dc/terms/" xmlns:xsi="http://www.w3.org/2001/XMLSchema-instance" xmlns:doc="http://www.lyncode.com/xoai" xsi:schemaLocation="http://www.loc.gov/MARC21/slim http://www.loc.gov/standards/marcxml/schema/MARC21slim.xsd">
   <leader>00925njm 22002777a 4500</leader>
   <datafield ind2=" " ind1=" " tag="042">
      <subfield code="a">dc</subfield>
   </datafield>
   <datafield ind2=" " ind1=" " tag="720">
      <subfield code="a">Pérez, José A.</subfield>
      <subfield code="e">author</subfield>
   </datafield>
   <datafield ind2=" " ind1=" " tag="720">
      <subfield code="a">Papadakis, Ioannis E.</subfield>
      <subfield code="e">author</subfield>
   </datafield>
   <datafield ind2=" " ind1=" " tag="720">
      <subfield code="a">Papandroulakis, Nikos</subfield>
      <subfield code="e">author</subfield>
   </datafield>
   <datafield ind2=" " ind1=" " tag="720">
      <subfield code="a">Cruces, Lorenzo</subfield>
      <subfield code="e">author</subfield>
   </datafield>
   <datafield ind2=" " ind1=" " tag="720">
      <subfield code="a">Cotou, Efthimia</subfield>
      <subfield code="e">author</subfield>
   </datafield>
   <datafield ind2=" " ind1=" " tag="720">
      <subfield code="a">Gisbert, Enric</subfield>
      <subfield code="e">author</subfield>
   </datafield>
   <datafield ind2=" " ind1=" " tag="720">
      <subfield code="a">Lorenzo, Antonio</subfield>
      <subfield code="e">author</subfield>
   </datafield>
   <datafield ind2=" " ind1=" " tag="720">
      <subfield code="a">Mylonas, Constantinos C.</subfield>
      <subfield code="e">author</subfield>
   </datafield>
   <datafield ind2=" " ind1=" " tag="720">
      <subfield code="a">Rodríguez, Covadonga</subfield>
      <subfield code="e">author</subfield>
   </datafield>
   <datafield ind2=" " ind1=" " tag="260">
      <subfield code="c">2020-09-23</subfield>
   </datafield>
   <datafield ind2=" " ind1=" " tag="520">
      <subfield code="a">An overall synchronization of morphological and physiological ontogenetic events of the digestive and antioxidant defence systems occurred in greater amberjack (Seriola dumerili) larvae reared under intensive (INT) or semi‐intensive (MES) conditions for 30 days. The first differentiations of the digestive channel took place at 3–4 days post‐hatch (dph) (3.6–3.7 mm). Differentiation of the endocrine and exocrine pancreas begun at 4–5 dph (4.0–4.1 mm), coinciding with a decrease in carbohydrase activity from egg to the onset of exogenous feeding and the maintenance of bile salt‐activated lipase and total alkaline proteases. The first gastric glands and pepsin activity were evident at 17–20 dph (5.5–6.2 mm) in both fish groups. The appearance of pyloric caeca had a 5‐day delay in the INT compared to the MES larvae (28 versus 23 dph). Antioxidant enzyme activities decreased progressively from 7 to 30 dph in both rearing conditions. However, GPx, SOD at 7 and 18 dph, and GST activities were higher in the INT larvae. Although both larval groups did not globally differ in somatic growth and maturation of digestive function, it seems that the antioxidant defence system of MES larvae had to face less oxidative assaults, which may be attributed to lower stressful and more stable culture conditions.</subfield>
   </datafield>
   <datafield ind1="8" ind2=" " tag="024">
      <subfield code="a">Pérez, José A., Ioannis E. Papadakis, Nikos Papandroulakis, Lorenzo Cruces, Efthimia Cotou, Enric Gisbert, Antonio Lorenzo, Constantinos C. Mylonas, and Covadonga Rodríguez. 2020. "The Ontogeny Of Greater Amberjack Digestive And Antioxidant Defence Systems Under Different Rearing Conditions: A Histological And Enzymatic Approach". Aquaculture Nutrition 26 (6): 1908-1925. doi:10.1111/anu.13128.</subfield>
   </datafield>
   <datafield ind1="8" ind2=" " tag="024">
      <subfield code="a">1353-5773</subfield>
   </datafield>
   <datafield ind1="8" ind2=" " tag="024">
      <subfield code="a">http://hdl.handle.net/20.500.12327/1033</subfield>
   </datafield>
   <datafield ind1="8" ind2=" " tag="024">
      <subfield code="a">https://doi.org/10.1111/anu.13128</subfield>
   </datafield>
   <datafield ind2="0" ind1="0" tag="245">
      <subfield code="a">The ontogeny of greater amberjack digestive and antioxidant defence systems under different rearing conditions: A histological and enzymatic approach</subfield>
   </datafield>
</record></metadata></record></GetRecord></OAI-PMH>